[Event "2.Bundesliga Ost 2019/2020"]
[Site "?"]
[Date "2019.12.08"]
[Round "6.3"]
[White "Enders, Peter"]
[Black "Kazakouski, Valery"]
[Result "1-0"]
[WhiteElo "2453"]
[BlackElo "2485"]
[Annotator "franz"]
[PlyCount "81"]
[EventDate "2019.??.??"]
[WhiteTeam "SF Bad Mergentheim"]
[BlackTeam "Erfurter SK"]

{Der Kampf gegen die SF Bad Mergentheim sollte richtungweisend für den
weiteren Saisonverlauf sein. Mit einem Sieg wären die Weichen für einen
gesicherten Klassenverbleib gestellt. Somit waren es vorrangig die auf dem
Papier engen Duelle, die von besonderer Bedeutung sein konnten. So wie die
Partie unseres Altmeisters GM Enders:} 1. b3 e5 2. Bb2 Nc6 3. Nf3 e4 4. Nd4
Nxd4 5. Bxd4 d5 6. e3 Bf5 7. d3 {[#]} Qg5 $5 $146 {Ein ambitionierter Versuch
den Raumvorteil am Königsflügel auszunutzen. Zu dieser Stellung gab es
bisher kaum Vorgängerpartien.} ({Es sprach nichts gegen das natürliche} 7...
Nf6 {und der anschließenden Entwicklung der weiteren schwarzen Figuren. 0-1 
(40) Enders,P (2456)-Hansen,C (2633) Germany 2005}) 8. dxe4 Bxe4 9. Qe2 a6 $6 {
Schwarz hat sich durch 7...Dg5 rasch für kompliziertes Spiel entschieden. Der
Partiezug ist prophylaktisch und somit entgegen der bisherigen Partieanlage.} (
9... O-O-O {wäre logischer gewesen. Es könnte} 10. Nc3 (10. Bxa7 $2 d4 $1 {
wäre äußerst riskant.}) 10... Ne7 11. O-O-O Nc6 {mit verteilten Chancen
folgen.}) 10. Nd2 Bf5 $6 {Schwarz bleibt weiterhin zahm.} (10... Bxg2 $5 {
hätte funktioniert:} 11. Bxg2 (11. Rg1 Bxf1 12. Qxf1 (12. Rxg5 Bxe2 13. Kxe2
Ne7 $15) 12... Qh6 13. O-O-O Ne7 14. Qg2 {mit weißer Kompensation.}) 11...
Qxg2 12. O-O-O {mit weißer Kompensation, aber keinem Vorteil.}) (10... Nf6 11.
h4 Qh6 12. Nxe4 Nxe4 13. Qg4 Qg6 {mit ungefährem Ausgleich.}) (10... Bxc2 11.
Rc1) 11. Nf3 Qe7 12. g3 ({Mit} 12. Qd1 {nebst Lf1-e2 oder Lf1-d3 hätte Weiß
die Entwicklung gesund abschließen können.}) 12... Qb4+ 13. c3 Qa3 $2 {
Danach kann Weiß in Vorteil kommen. Die schwarze Dame ist mehr gefährdet als
dass sie eine Gefahr darstellt.} (13... Qe7 {mit der Drohung c7-c5 hätte das
Geschehen forciert:} 14. c4 dxc4 (14... Qb4+ 15. Nd2 $1) 15. Qxc4 Nf6 16. Bg2
Qb4+ 17. Nd2 Ne4 18. Rd1 Qxc4 (18... Nxd2 $2 19. Bc6+ $1 Kd8 (19... bxc6 20.
Qxc6+ Ke7 21. Rxd2 $18 Qb8 22. Bc5#) 20. Rxd2 Kc8 (20... bxc6 21. Bc3+ $18) (
20... Qxc4 21. Bf6+ Kc8 22. Rd8#) 21. Qxf7 bxc6 22. Qxf5+ $18) 19. Nxc4 Bb4+
20. Ke2 O-O {mit ungefährem Ausgleich.}) 14. b4 (14. Bg2 {geschah besser.
Schwarz hat Probleme mit der weiteren Entwicklung seiner Figuren:} c5 (14...
Nf6 15. Bxf6 gxf6 16. Nd4 $16) (14... Be4 15. O-O {nebst c3-c4.}) 15. Be5 f6
16. Bf4 Ne7 (16... g5 $2 17. Nxg5 $1 fxg5 18. Be5 $18) 17. Nd2 $1 {und
nachfolgendem Sprengung des schwarzen Zentrums mittels c3-c4 oder e3-e4.})
14... Be7 15. Bg2 (15. Bxg7 $6 Nf6 {würde Schwarz in die Karten spielen.})
15... Nf6 16. O-O O-O {Beide Seiten haben die Entwicklung abgeschlossen, die
weiße Figurenstellung ist allerdings etwas harmonischer.} 17. Nh4 Be6 (17...
Bd7 {wäre aufgrund des Partieverlaufs die bessere Wahl gewesen. Schwarz
kontrolliert somit die wichtigen weißen Felder am Damenflügel.}) 18. Qc2 Rfe8
19. Rab1 (19. Nf5 {geschah ebenfalls gut, z.B.:} Bd8 (19... Bxf5 20. Qxf5 c6
21. Rfb1 $16) 20. e4 $1 Bxf5 (20... dxe4 21. Bxe4 Nxe4 22. Qxe4 $16) 21. exf5
c6 22. Rab1 $14) 19... Rad8 $6 {Schwarz verkennt die Gefahr.} (19... Ne4 {
war die aktive Lösung:} 20. Bxe4 dxe4 21. Qxe4 Bxh4 22. Qxh4 (22. gxh4 Bh3 23.
Qxb7 Bxf1 24. Rxf1 Qxa2 $13) 22... f6 23. Qf4 Qxa2 24. Qxc7 Bh3 25. Qxb7 Bxf1
26. Rxf1 a5 {mit verteilten Chancen.}) 20. Rfd1 {[#]} g6 $2 (20... Bd7 21. Nf5
(21. Rd3 Ne4 22. c4 Qa4) 21... Ba4 (21... Bxf5 22. Qxf5 Qxa2 23. c4 $1 $16) 22.
Qc1 Qxc1 23. Rdxc1 $14) (20... Ne4 21. c4 $1 Bxb4 22. cxd5 Bxd5 23. Ba1 Nd2 (
23... c6 24. Rd4 $18) 24. Rxb4 Qxb4 25. Bc3 $14) 21. Rd3 $1 {Nun rächst sich
der verdächtige Aufenthalt der schwarzen Dame.} Bd7 22. c4 Qa4 23. Qb2 Ne4 24.
cxd5 $16 {Weiß hat einen gesunden Mehrbauern erspielt. Nun kommt die
technische Verwertung.} Nd6 25. Rc1 a5 26. Bh8 Bf8 27. Bf6 Rc8 28. bxa5 Qxa5
29. Ra3 Qb5 30. Rb3 Qa4 31. Nf3 Ne4 32. Bd4 {[#] Weiß hat gut verwaltet,
Schwarz keine weiteren, gravierenden Schwächen hinzubekommen.} b6 $2 {Danach
gewinnt Weiß forciert.} (32... c5 33. dxc6 Bxc6 34. Ne5 Bd5 $16 {leistet
stärkeren Widerstand.}) 33. Ne5 $18 {Aufgrund der Drohung Tc1-c4 gewinnt
Weiß weiteres Material.} Bf5 (33... Nc5 34. Bxc5 Bxc5 35. Rc4 $18) 34. g4 f6
35. gxf5 fxe5 36. Bxe5 Nd2 (36... gxf5 37. Rxc7 $18) 37. fxg6 hxg6 38. Qxd2
Rxe5 39. Rxb6 Rg5 40. f4 Rg4 41. Re6 {und Schwarz gab auf. Ein schöner und
wichtiger Sieg von Peter beim 4,5:3,5-Erfolg.} 1-0

[Event "2.Bundesliga Ost 2019/2020"]
[Site "?"]
[Date "2019.12.07"]
[Round "5.6"]
[White "Mueller, Matthias"]
[Black "Epding, Olaf"]
[Result "1-0"]
[WhiteElo "2385"]
[BlackElo "2195"]
[Annotator "franz"]
[PlyCount "69"]
[EventDate "2019.??.??"]
[WhiteTeam "Erfurter SK"]
[BlackTeam "SC NT Nürnberg"]

{Ein zuverlässiger Aktivposten ist stets IM Matthias Müller. Im Kampf gegen
Noris Tarrasch Nürnberg brillierte er bei der Bekämpfung der Französischen
Verteidigung seines erfahrenen Gegners:} 1. e4 e6 2. d4 d5 3. Nc3 Nf6 4. e5
Nfd7 5. f4 c5 6. Nf3 Nc6 7. Be3 a6 8. Qd2 cxd4 9. Nxd4 Bc5 10. O-O-O O-O 11.
Kb1 Nxd4 12. Bxd4 b5 13. Qe3 Qb6 {[#] Eine häufig auftretende Stellung der
Steinitz-Variante.} 14. Be2 $146 {Dieser natürliche Entwicklungszug stellt
tatsächlich eine Neuerung dar.} (14. Bxc5 {geschah bisher häufiger.}) 14...
Bb7 (14... b4) 15. Bg4 $5 {eine Idee hinter 14.Le2} Rac8 ({Nach} 15... b4 {
hat Weiß nun die Option} 16. Ne2 {und kann den Springer auf d4 postieren.})
16. Ne2 f5 $6 {Schwarz möchte ein weißes f4-f5 verhindern, schwächt so
jedoch seine Stellung langfristig.} ({Prophylaktisch geschah das etwas krumm
aussehende} 16... Rce8 $5 17. h4 (17. f5 $2 {funktioniert nicht wegen} Bxd4 18.
Nxd4 exf5 $17) 17... b4 {mit verteilten Chancen.}) 17. exf6 Rxf6 18. Rhe1 Re8
19. g3 Qd6 20. Qd2 {Weiß visiert nun den schwachen Bauern e6 an und sorgt
somit für eine sehr harmonische Aufstellung. Schwarz leidet.} Bxd4 21. Nxd4
Nc5 22. Qb4 (22. Nb3 $5 {war ebenfalls stark, z.B.:} Na4 (22... Ne4 $4 23. Rxe4
$18) 23. Qd4 Bc8 24. Rd2 Bd7 25. Nc1 Nc5 26. Nd3 {mit schöner Kontrolle.
Schwarz möchte eigentlich nicht die Springer tauschen. Dann würde der
typische weißfeldrige Französisch-Läufer überbleiben.}) 22... Qb6 23. Re5
Bc8 24. Qe1 Ref8 25. Qg1 Qd6 26. Qe1 Qb6 27. Qg1 Qd6 28. Qe3 Bd7 29. Nb3 Nxb3 (
29... Na4 30. Re1 Re8 31. Qd4 {ist grässlich für Schwarz.}) 30. axb3 Rc8 31.
Rd2 Rc6 32. Bf3 {[#] Weiß steht klar überlegen. Der Bauernhebel f4-f5 liegt
entscheidend in der Luft.} (32. f5 {war ebenfalls stark.}) 32... Qc7 $2 {
Nun gewinnt Weiß forciert durch eine kleine, nette Taktik.} (32... Qc5 $142
33. Qxc5 Rxc5 34. b4 Rc6 {leistet mehr Widerstand, ist aber nach wie vor
unschön.}) 33. Rdxd5 $1 exd5 34. Re8+ Kf7 (34... Rf8 35. Bxd5+ Be6 36. Bxe6+
Rxe6 37. Qxe6+ Qf7 38. Qxf7+ Kxf7 39. Rxf8+ Kxf8 40. c4 $18) 35. Bh5+ {und
Schwarz gab aufgrund des nicht abwendbaren Matts auf. Ein ebenso schöner wie
wichtiger Sieg beim 5:3-Erfolg gegen die Nürnberger.} 1-0

[Event "2.Bundesliga Ost 2019/2020"]
[Site "Germany"]
[Date "2019.11.24"]
[Round "4.2"]
[White "Braeuer, Franz"]
[Black "Schwabeneder, Florian"]
[Result "1-0"]
[WhiteElo "2429"]
[BlackElo "2403"]
[Annotator "franz"]
[PlyCount "53"]
[EventDate "2019.10.19"]
[EventType "team-tourn"]
[EventRounds "11"]
[EventCountry "GER"]
[SourceVersion "1"]
[SourceVersionDate "2020.02.19"]
[SourceQuality "1"]
[WhiteTeam "Erfurter SK"]
[BlackTeam "SK Passau"]
[WhiteTeamCountry "GER"]
[BlackTeamCountry "GER"]

{Eine äußerst spektakuläre Partie spielte ich selbst im Kampf gegen den SK
Passau:} 1. e4 e6 2. d4 d5 3. Nd2 c5 4. exd5 Qxd5 5. Ngf3 cxd4 6. Bc4 Qd7 7.
O-O Nc6 8. Nb3 Nf6 9. Qe2 a6 10. a4 Qc7 (10... Bd6 {geschieht häufiger und
ist theoretisch tief erforscht.}) 11. Rd1 e5 $6 {Mit dem schwarzen König in
der Mitte ist dieser Zug nicht gesund. Allerdings war es am Brett nicht leicht,
die richtige Fortsetzung zu finden.} (11... Bd7 $142 12. Nbxd4 Nxd4 13. Rxd4
Bc5 {ist die Rechtfertiung von 10...Dc7.}) 12. Nbxd4 Nxd4 13. Rxd4 Bc5 14. Rh4
(14. Nxe5 $2 Bxd4 15. Nxf7+ Qe7 16. Nxh8 Qxe2 17. Bxe2 Be6 {und der weiße
Springer ist gefangen.}) 14... Ng4 {[#]} 15. Kf1 $1 {Tatsächlich der beste
Zug. Ich brauchte eine knappe Dreiviertelstunde, um das schwarze Konzept zu
durchschauen und die eigenen Chancen zu erkennen. Schwarz kann im Moment nicht
auf f2 nehmen und hat somit Probleme, seine eigene Entwicklung erfolgreich
abzuschließen.} f6 {Einerseits logisch, da es den Bauern e5 stützt.
Allerdings bleibt der schwarze Monarch langfristig in der Brettmitte.} (15...
O-O 16. Qe4 Nf6 17. Qxe5 $16) (15... Bxf2 $2 16. Rxg4 Bxg4 17. Qxe5+ Qxe5 18.
Nxe5 $16) (15... Nxf2 $2 16. Nxe5 $18) 16. b4 $5 $146 {Diesen kraftvollen Zug
fand ich wie 15.Kf1 am Brett.} (16. h3 $1 $146 Nxf2 17. Bd2 {und das
anschließend "einfache" Ld2-e1 führt zu großem weißem Vorteil.}) ({Wie ich
hinterher überrascht feststellte, gab es die Partiestellung bis zum 15. Zug
bereits. Dort folgte} 16. Nd2 Nxf2 17. Rf4 Nh3 18. gxh3 Bxh3+ 19. Ke1 h5 {
mit unklarer Stellung. Schwarz hat gesunde Kompensation für das geopferte
Material. ½-½ (60) Ebeling,D (2365)-Andersen, M (2499) Warsaw 2013}) 16...
Ba7 (16... Bxb4 {verbietet sich wegen} 17. h3 Nh6 18. Bxh6 gxh6 19. Nxe5 $1
fxe5 20. Qh5+ Kd8 (20... Kf8 21. Rd1 $1 $18) 21. Rd1+ Bd7 22. Be6 Bd6 23. Bxd7
Kxd7 24. Qf5+ Ke8 25. Qe6+ Qe7 26. Rxd6 $18) 17. Bb2 {Ein weiterer Vorteil von
16.b4: Durch Lb2 wird der e5 ins Visier genommen.} (17. h3 Nxf2 18. Bd2 Bf5 19.
Be1 Ne4 20. Rxe4 Bxe4 21. Qxe4 Bd4 $1 $19) 17... Qe7 $6 {Danach bekommt Weiß
endgütlig eine starke Initiative.} ({Nach} 17... h5 18. Bd4 Bxd4 19. Nxd4 Qe7
20. Re1 Bd7 21. Rh3 {bleibt die Stellung komplex, praktisch aber leichter für
Schwarz zu spielen.}) ({Nach} 17... g5 18. Nxg5 fxg5 19. Rxg4 Bxg4 20. Qxg4 Bd4
$8 (20... Rf8 21. Qh5+ Kd7 22. Qxh7+ Kd8 23. Qxc7+ Kxc7 24. Bxe5+ $16) 21. Qe6+
(21. Qh5+ Kf8 22. Qh6+ Qg7 23. Qd6+ Qe7 24. Qh6+ $11) 21... Qe7 22. c3 Ba7 23.
Re1 Qxe6 24. Bxe6 {sollte die Stellung objektiv im Gleichgewicht sein.}) 18. b5
Bc5 ({Nach} 18... h5 {spuckt der Computer folgende Varianten zum Vorteil für
Weiß aus:} 19. Ba3 Bc5 20. Bxc5 Qxc5 21. bxa6 bxa6 (21... g5 22. Rh3 $16) 22.
h3 g5 23. hxg4 gxh4 24. Qd3 $1 Bd7 (24... Rf8 25. Rd1 Bxg4 26. Kg1 $1 Rc8 27.
Qg6+ Ke7 28. Qg7+ Ke8 29. Bd3 $1 $18) (24... Rh6 25. g5 fxg5 26. Re1 $18) 25.
Bd5 Rb8 (25... O-O-O 26. Qxa6+ Kc7 27. Qb7+ Kd6 28. Rd1 Ke7 29. Nxh4 $18) 26.
g5 $1 $16) 19. Re1 (19. Nd2 $1 {führt nach} h5 ({Nach} 19... f5 {gewinnt das
humorlose} 20. Rxg4 $1 fxg4 21. Ne4 $18 {Wenn Schwarz den Lc5 wegzieht,
gewinnt Lb2-a3 mit Invasion des Springers nach d6. Ansonsten droht
entscheidend der Abtausch des Lc5 mit anschließender Räumung der e-Line
durch Lb2xe5.}) 20. Ne4 {für Schwarz zum Dilemma: Es droht nun h2-h3 mit
Vertreibung des Sg4 sowie Abtausch des aktiven Lc5. Weiß steht auf Gewinn.})
19... Bb4 $2 {Verschlechtert die Position der aktivsten schwarzen Figur und
verbessert die des weißen Turms.} ({Nach} 19... Bxf2 20. Rxg4 Bxe1 21. Nxe1
Bxg4 22. Qxg4 $14 {entsteht eine spannende Materialkonstellation. Weiß hat
aber sicherlich aufgrund der schwachen schwarzen Königsstellung die besseren
Aussichten.}) (19... h5 20. bxa6 bxa6 21. Qd3 $1 $16 {und es liegen allerhand
Drohungen in der Luft, vorrangig Dd3-g6 und Th4xg4 nebst Sf3xe5.}) 20. Rd1 {
Nun droht u.a. 21.bxa6 bxa6 22.De4 mit Gewinn.} a5 21. h3 Nh6 {[#]} 22. Nxe5 $1
{Bringt die Partie hübsch zu Ende. Wenig überraschend ist die Zerstörung
des Punktes e5, den Schwarz lange mit allen Mitteln verteidigt hat, mit dem
finalen Kreuzfeuer gegen den schwarzen König verbunden.} fxe5 23. Rxh6 gxh6
24. Qh5+ Kf8 {[#]} 25. Qxh6+ {Ein Schönheitsfehler.} (25. Rd8+ {führt
forciert zum Matt.}) 25... Ke8 (25... Qg7 26. Rd8+ $18) 26. Qh5+ Kf8 27. Rd8+ {
Nun aber! Schwarz gab auf. Eine Partie, die ich bis heute noch nicht
vollständig verstanden habe. Zu komplex und schwer einzuschätzen waren
Stellungsbilder und Varianten in dieser Partie.} 1-0

[Event "2BLO 1920 Erfurter SK - MSA Zugzwang"]
[Site "?"]
[Date "2021.08.08"]
[Round "10.4"]
[White "Haba, Petr"]
[Black "Zysk, Robert"]
[Result "1-0"]
[WhiteElo "2444"]
[BlackElo "2391"]
[Annotator "franz"]
[PlyCount "95"]
[EventDate "2021.??.??"]

{Ein stets sicherer Rückhalt ist Petr Habe. Zum Saisonabschluss spielte er
eine schöne Katalanisch-Partie.} 1. d4 Nf6 2. c4 e6 3. g3 d5 4. Bg2 Bb4+ 5.
Nd2 O-O 6. Ngf3 b6 7. O-O Bb7 8. Ne5 Nbd7 9. Ndf3 $5 {Eine weniger gespielte
Fortsetzung.} (9. Qa4 {ist der Hauptzug.}) 9... Be7 10. Qa4 {Zu dieser
Stellung gibt es bisher nur wenige Vorgängerpartien. Schwarz muss sich
entscheiden, ob er das weiße Zentrum bekämpft und die Spannung aufrecht
erhält oder versucht, durch Abtauschoperationen Vereinfachungen
herbeizuführen.} Nxe5 (10... c5 {stellt die spannende Alternative dar. Es
könnte weitergehen mit} 11. cxd5 (11. Nc6 $6 Bxc6 12. Qxc6 cxd4 13. cxd5 Rc8
14. Qa4 e5 $1 {und es ist Weiß, der droht, schlechter zu stehen.}) 11... Nxe5
12. dxe5 Nxd5 13. Qg4 {und Weiß sucht Spiel am Königsflügel.}) 11. Nxe5 Qe8
(11... c5 {ist auch hier noch eine Option.}) 12. Qxe8 Rfxe8 13. Be3 Bd6 $146 ({
die bisherige Vorgängerpartie verlief wie folgt:} 13... c5 14. dxc5 bxc5 15.
Rac1 Rac8 16. Rfe1 Ba6 {mit ungefähr ausgeglichener Stellung.}) 14. Rfc1 (14.
Nd3 $5 {erscheint interessant, um Weiß die Option c4-c5 mit Raumgewinn am
Damenflügel zu geben.}) 14... c5 15. cxd5 cxd4 (15... Bxe5 $5 16. dxe5 Nxd5 {
und Schwarz sollte problemlos ausgleichen. Das weiße Läuferpaar kommt hier
weniger zur Geltung, während Schwarz langfristig den Mehrheitsvorteil seiner
Bauern am Damenflügel hat.}) 16. Bxd4 Nxd5 (16... Bxd5 17. a4 {und Weiß hat
eine leichte Initiative.}) 17. Nc4 {[#]} Bf8 $6 {Danach hat Weiß langfristig
eine angenehme Initiative.} (17... Rad8 {gibt das Läuferpaar auf, sorgt aber
für eine bessere Harmonie der schwarzen Figuren.} 18. Nxd6 Rxd6 19. b3 (19. a4
e5 $11) 19... Rd7 20. a4 Ne7 {und Schwarz steht sehr solide.}) 18. a4 $14 {
Nun ist der Hebel a4-a5 nicht zu verhindern und unangenehm für Schwarz.} Rac8
19. a5 b5 (19... bxa5 20. Rxa5 a6 21. e3 Bb4 22. Raa1 a5 23. Nb6 $14) 20. Ne5
a6 21. Nd3 $1 {Weiß plant nach Abtausch der schwarzfeldrigen Läufer die
Installation seines Springers auf c5.} Ba8 (21... Rxc1+ 22. Rxc1 Rc8 23. Bc5
$14) (21... b4 22. Bc5 $16 {nebst e2-e3, Lg2-f1 und langanhaltendem Angriff
der Schwäche a6.}) 22. Bc5 Red8 ({Die richtigen Abtauschoperationen helfen
Weiß beim Ausbau seines Vorteils, z.B.} 22... Bxc5 23. Rxc5 (23. Nxc5 $6 Nb4
$1 $11) 23... Rcd8 24. Bxd5 $1 exd5 (24... Bxd5 25. Nb4 Rd6 26. Rd1 $16) 25.
Kf1 $16) 23. Bxf8 Kxf8 24. Nc5 Rc6 (24... Nc7 25. Rab1 $1 (25. Bb7 $5 {lässt
Schwarz zu Gegenspiel kommen:} Rb8 (25... Bxb7 26. Nxb7 Rd7 27. Rc6 $18) 26.
Nxa6 (26. Bxa6 $2 Rd5 $1) 26... Nxa6 27. Bxa6 Rd2 $132) 25... Bxg2 26. Kxg2 $16
{und Schwarz kämpft mit seiner unharmonischen Figurenstellung.}) 25. b4 Rcd6 {
[#]} 26. Bxd5 $1 {Der richtige Abtausch zum richtigen Zeitpunkt.} exd5 $2 {
Dies macht es Weiß zu leicht.} (26... Bxd5 27. e4 Ba8 28. e5 Rd4 29. Nxa6 {
Weiß hat den Bauern gewonnen, muss aber die Schwäche der weißen Felder um
seinen König lösen.} Bf3 30. Nc7 (30. h3 h5) 30... Rxb4 31. a6 Rc4 32. Nxb5
Rxc1+ 33. Rxc1 Rd5 $16 {und Schwarz ist noch in der Partie.}) 27. Rd1 d4 28.
Ra2 d3 {Bereits Verzweiflung.} (28... Ke7 29. Rad2 f5 30. f3 Kf6 (30... g5 31.
Kf2 f4 32. gxf4 gxf4 33. Rg1 $18 {und Schwarz hat sich zu sehr am
Königsflügel geschwächt.}) 31. Kf2 Ke5 32. e3 $1 {Mit dem Generalabtausch
kommt Weiß zum Erfolg:} dxe3+ 33. Kxe3 Rxd2 34. f4+ $1 Kf6 35. Rxd2 Rxd2 36.
Kxd2 $18 {und der Bauer a6 fällt.}) (28... g5 29. f3 d3 30. Rxd3 Rxd3 31. Nxd3
Bxf3 32. Nc5 $18) 29. Rxd3 Rxd3 30. exd3 {Der Rest ist gute Technik von Petr.}
Rd6 31. f4 h6 32. Re2 g5 33. fxg5 hxg5 34. Re5 g4 35. Rf5 Bf3 36. Rf4 Kg7 37.
h4 Kg6 38. Kf2 Rd8 39. Ke3 Re8+ 40. Kd4 f5 41. Nxa6 Re2 42. Nc7 Rg2 43. a6 Rxg3
44. a7 Bb7 45. a8=Q Bxa8 46. Nxa8 Rh3 47. Nc7 Rxh4 48. Nd5 {und Schwarz gab
auf.} 1-0

[Event "2BLO 1920 Erfurter SK - SC NT Nürnberg"]
[Site "?"]
[Date "2019.12.07"]
[Round "5.7"]
[White "Homuth, Wolfgang"]
[Black "Voekler, Bernd"]
[Result "0-1"]
[WhiteElo "2173"]
[BlackElo "2355"]
[Annotator "franz"]
[PlyCount "42"]
[EventDate "2019.??.??"]

{Ein Schwarzsieg darf in dieser Auflistung nicht fehlen, auch wenn diese
standardmäßig seltener vorkommen. Hierfür sorgte IM Bernd Vökler im Kampf
gegen Noris Tarrasch Nürnberg.} 1. d4 Nf6 2. Bf4 d6 3. Nc3 g6 4. e4 Bg7 5. Qd2
a6 6. O-O-O (6. Bh6 $5 {ist an dieser Stelle nicht ungefährlich für Schwarz.}
) 6... b5 7. f3 Bb7 8. Bh6 Bxh6 9. Qxh6 Nbd7 {[#]} 10. e5 $5 {Dieser Vorstoß
ist interessant, wirkt aber verfrüht.} (10. a3 $1 {stoppt schwarze Vorstöße
am Damenflügel und ist somit prophylaktisch gegen dessen aktive Pläne
gerichtet.} e5 (10... e6 11. Nge2 Qe7 12. g4 $14) 11. dxe5 Nxe5 12. Nh3 Qe7 13.
Be2 O-O-O 14. Nf4 $14) 10... b4 11. Nce2 Nd5 12. e6 ({Zu gierig ist} 12. Qg7
Rf8 13. Qxh7 $2 dxe5 14. dxe5 Nxe5 $17) 12... fxe6 13. Qg7 Rf8 14. Qxh7 Rf6 15.
Qh6 $2 {Danach verläuft die Partie überraschend schnell nur noch in eine
Richtung.} (15. Ng3 $142 $1 Ne3 16. Rd3 Nxf1 17. Nxf1 Nf8 18. Qg8 {mit
unklarer Stellung.}) 15... c5 $1 {Nun nimmt das schwarze Spiel am Damenflügel
schnell Fahrt auf.} 16. dxc5 Qa5 17. Kb1 Nxc5 {[#]} 18. Ka1 $4 {Danach ist die
Messe sofort gelesen.} (18. Nh3 $15 {und Weiß bleibt in der Partie, da} Nc3+ {
nicht entscheidend funktioniert:} 19. bxc3 bxc3 20. Ka1 Bd5 21. Rxd5 exd5 22.
Qh8+ Kd7 (22... Rf8 23. Qxc3) 23. Qxa8 Qb4 24. Nxc3 Qxc3+ 25. Kb1 {und Schwarz
scheint nichts besseres als das Dauerschach nach} Qe1+ 26. Kb2 Qb4+ {zu haben.}
) 18... b3 $1 19. cxb3 (19. Nc1 Nb4 20. a3 Nxc2+ 21. Kb1 Na4 $19 {und es gibt
keine Verteidigung gegen Sc2xa3.}) 19... Nxb3+ 20. Kb1 Nb4 21. a3 {Und nun
sorgt} Qf5+ {für ein schnelles Ende des Schreckens, da Matt im nächsten Zug
kommt. Weiß gab auf.} 0-1